Score 0/22 Timer 02:00
1 Play Today
Hint 3-Letter Word % Correct
Which person• WHO •
88.7%
One of Snow White's friends• DOC •
83.7%
In addition; alsoTOO
82.8%
In favorFOR
82.4%
Adversary or opponentFOE
81.5%
Ply with flowers and chocolateWOO
77.7%
Winnie the Pooh characterROO
77.2%
Great sorrow or distressWOE
76%
High, rocky hill• TOR •
75.4%
'Cheers' locationBAR
75.3%
Mythical bird of preyROC
69.4%
Hint 3-Letter Word % Correct
Performed an actionDID
69.4%
Dark, oily, viscous material◘ TAR ◘
65%
Removable or hinged coverLID
62%
Talk smack about◘ DIS ◘
55.9%
Notwithstanding, for shortTHO
52.7%
'The path' or 'The way' (Chinese)TAO
52%
German (neuter) for 'the'DAS
50.3%
Kind of bulb, for shortLED
40.3%
Crotchety remarkBAH
34.5%
Morse code dash◙ DAH ◙
30.8%
Basic monetary unit of Albania◙ LEK ◙
18%

Today's Daily Dose

Remove Ads.
Support Sporcle.
Get the best of Sporcle when you Go Orange. This ad-free experience offers more features, more stats, and more fun while also helping to support Sporcle. Thank you for becoming a member.

You're not logged in!

Compare scores with friends on all Sporcle quizzes.
OR
Log In

Show Comments

Extras

Top Quizzes Today


Score Distribution

Your Account Isn't Verified!

In order to create a playlist on Sporcle, you need to verify the email address you used during registration. Go to your Sporcle Settings to finish the process.

Report this User

Report this user for behavior that violates our Community Guidelines.

Details: